000 00609nam a22001937a 4500
003 CEME
005 20210628203338.0
008 210115b xxu||||| |||| 00| 0 eng d
020 _a0-07-248869-7
040 _cceme
082 _a371.26 AIR
100 _aAirasian, Peter W
_934933
245 _aClassroom assessment, concepts and applications
250 _a5TH
260 _aNEW YORK
_bMCGRAW HILL
_c2005
300 _aXXIV,422 P
650 _aEDUCATIONAL TESTS AND MEASUREMENTS- UNITED STATES. ACADEMIC ACHIVEMENT -UNITED STATES TESTING. EDUCATION -UNITED STATES- EVALUATION
_964869
942 _cBK
_2ddc
999 _c573234
_d573234